Normal view
MARC view
Entry Personal Name
001 - CONTROL NUMBER
- control field: 33616
003 - CONTROL NUMBER IDENTIFIER
- control field: dpl
005 - DATE AND TIME OF LATEST TRANSACTION
- control field: 20110825100535.0
008 - FIXED-LENGTH DATA ELEMENTS
- fixed length control field: 110825|||a|||||| | ||| d
040 ## - CATALOGING SOURCE
- Original cataloging agency: dpl
- Transcribing agency: dpl
100 ## - HEADING--PERSONAL NAME
- Personal name: Baba Visakha Singh
- General subdivision: Biography.
670 ## - SOURCE DATA FOUND
- Source citation: Work cat.: (dpl)40945: Roy, Kumkum 33615, The power of gender the gender of power: , 2010
670 ## - SOURCE DATA FOUND
- Source citation: Work cat.: (dpl)40945: Roy, Kumkum 33615, The power of gender the gender of power: , 2010
